000 02279nam2a2200325 4500
001 rc\2894782
005 20260607055454.0
010 _bПо подписке
_bпереплет
_dб.ц.
_919500
021 _aRU
_b636/33г. XVБ
035 _a(NLR Aleph) 008785871
090 _a13632075
_c13632075
100 _a20110726d1932 u y0rusy50 ca
101 0 _arus
102 _aRU
105 _ac zr |||g|
200 1 _a[Евгений Онегин
_fред. Б.В. Томашевского
_aПовести
_fред. Ю.Г. Оксмана
_aПутешествие в Арзрум
_fред. Ю.Н. Тынянова]
210 _d1932
215 _a805, [3] с., 1 вкл. л. портр.
_d20х14
423 0 _12001#$a[Социология творчества Пушкина$eстатья Д.Д. Благого]
_1700#1$aБлагой$bД. Д.$f1893-1942$gДмитрий Дмитриевич$4070
_t[Социология творчества Пушкина
_aБлагой, Дмитрий Дмитриевич (1893-1942)
461 0 _1001rc\2894783
_12001#$aПолное собрание сочинений$fА.С. Пушкин$gпод общ. ред. Демьяна Бедного, А.В. Луначарского, П.Н. Сакулина ... [и др.]$gвступ. статья А. В. Луначарского$v[Т. 4]
_1700#1$3RU\NLR\AUTH\77386$8rus$7ca$aПушкин$bА. С.$f1799-1837$gАлександр Сергеевич
_98011360
_aПушкин, А. С. (1799-1837)
_cМосква
_d1931-1933
_fА.С. Пушкин
_nГосударственное издательство художественной литературы
_oв 6 томах
_tПолное собрание сочинений
_v[Т. 4]
702 1 _4340
_8rus
_7ca
_aТомашевский
_bБ. В.
_gБорис Викторович
_f1890-1957
_3RU\NLR\AUTH\7760057
_942988
702 1 _4340
_8rus
_7ca
_aОксман
_bЮ. Г.
_f1895-1970
_gЮлиан Григорьевич
_3RU\NLR\AUTH\7725148
_98197
702 1 _4340
_7ca
_8rus
_aТынянов
_bЮ. Н.
_f1894-1943
_gЮрий Николаевич
_915348
_3RU\NLR\AUTH\7732340
801 0 _aRU
_bNLR
_gpsbo
801 1 _aRU
_bELAR
_2rusmarc
801 2 _aRU
_bNLR
_c20120802
_2rusmarc
852 _aNLR
_jПушкин/1-103(4)
942 _cUNSPEC
980 _aNB